[Event "WchT 6th"]
[Site "Beersheba"]
[Date "2005.11.09"]
[Round "8.1"]
[White "Onischuk, Alexander"]
[Black "Bruzon Batista, Lazaro"]
[Result "1-0"]
[WhiteElo "2640"]
[BlackElo "2677"]
[Annotator "Marin,M"]
[PlyCount "105"]
[EventDate "2005.11.01"]
[EventType "team-tourn"]
[EventRounds "9"]
[EventCountry "ISR"]
[SourceTitle "CBM 110"]
[Source "ChessBase"]
[SourceDate "2006.01.31"]
[SourceVersion "1"]
[SourceVersionDate "2006.01.31"]
[SourceQuality "1"]
[WhiteTeam "US of America"]
[BlackTeam "Cuba"]
[WhiteTeamCountry "USA"]
[BlackTeamCountry "CUB"]

1. d4 d5 2. c4 c6 3. Nf3 Nf6 4. Nc3 e6 5. Bg5 Nbd7 6. cxd5 exd5 7. e3 Be7 8.
Qc2 O-O 9. Bd3 Re8 10. O-O Nf8 11. h3 g6 12. Rab1 Ne6 13. Bh4 Ng7 14. b4 a6 15.
a4 Bf5 16. b5 (16. Bxf6 Bxf6 17. b5 {would transpose to the game 1-0 Khenkin,I
(2604)-Namyslo,H (2314)/Altenkirchen 2005/CBM 106/[Marin,M] (81). In the
introductory comments of this game I have highlighted some general aspects of
the whole line initiated by 11...g6.}) 16... axb5 17. axb5 Nd7 $146 {
Technically speaking, this is a novelty, although the idea is not entirely new.
} ({Generally, Black captures on d3 before deciding the fate of his other
minor pieces, since after} 17... Bxd3 18. Qxd3 {the queen is less favourably
placed than on c2, by not being able to put pressure on the c6-pawn. Play
usually contunues} Nf5 ({The game that might have inspired Bruzon when he
produced his novelty went like this:} 18... Nd7 19. bxc6 bxc6 20. Bxe7 Qxe7 21.
Rfc1 Ne6 {We can notice that Black's pieces occupy optimal positions,
controlling the c5-square.} 22. Qc2 {Admitting the fact that this is the best
square for the queen.} Qd6 23. Ne2 Rec8 24. Rb3 Ra3 25. Rc3 Rxc3 {1/2-1/2
Khenkin,I (2572)-Asrian,K (2604)/Moscow 2001/CBM 086}) 19. Bxf6 Bxf6 20. bxc6
bxc6 21. Rfc1 Ra3 22. Ra1 ({This is another moment when White can play} 22. Qc2
{, which would transpose to the games 1-0 Khenkin,I (2633)-Bruzon Bautista,L 
(2534)/Cali 2000/CBM 079 ext (53) and 1/2-1/2 Khenkin,I (2340)-Dreev,A (2495)/
Borzhomi 1988/EXT 97 (67) examined in the notes to the already mentioned game
1-0 Khenkin,I (2604)-Namyslo,H (2314)/Altenkirchen 2005/CBM 106/[Marin,M] (81)}
) 22... Qa8 {A typical picture: Major piece activity along the open files can
compensate for the weakness of the c6-pawn.} 23. Qd1 Nd6 24. Rxa3 Qxa3 25. Nb1
Qa6 26. Nbd2 Ne4 27. Nxe4 Rxe4 28. Qc2 Re6 29. g3 h5 30. h4 {White has managed
to maintain the position blocked, but his pawn structure is less solid than it
looks. The light squares around the king are relatively weak, while an
eventual bishop sacrifice on g3 or e3 could lead to perpetual check under
certain circumstances (which actually happened in the game).} Kg7 31. Ne1 Be7
32. Ng2 Rf6 $132 {1/2-1/2 Georgiev,K (2676)-Onischuk,A (2658)/Poikovsky 2001/
CBM 084 (55)}) 18. Bxe7 Rxe7 $6 {At first sight, this looks like a strange
decision to me. The control of the c5-square is of vital importance, so why
not capture with the queen? I assume that Bruzon had in mind already the
placement of the rooks on c8 and c7, a plan that almost worked in the game,
but only as a consequence of White's hurry.} (18... Bxd3 19. Qxd3 Qxe7 {
would be a last chance to transpose to Khenkin - Asrian.}) ({Or, if Black
feared some improvement for White,} 18... Qxe7 19. Bxf5 Nxf5 20. bxc6 bxc6 {
looks also playable. For instance} 21. Na4 Rec8 (21... Nd6 {loses the c6-pawn
after} 22. Nb6 $16) 22. Rb7 {(Otherwise, Black would obtain an entirely
satisfactory position with ...Nd6, taking all the important squares along the
b-file under control).} Nd6 23. Rxd7 Qxd7 24. Nb6 Qa7 25. Nxa8 (25. Nxc8 Rxc8
26. Rc1 Nc4 $11 {looks inoffensive for Black}) 25... c5 $5 26. dxc5 Rxc5 27.
Qb2 Qxa8 $14 {White's position looks nicer, because of the weakness of the
d5-pawn, but Black should not have too much feares either.}) 19. Bxf5 Nxf5 20.
bxc6 bxc6 21. Na4 Rc8 {Abandoning the a-file is not without risks, since it
leaves White free hands of action.} (21... Re6 $5) 22. Nc5 $6 {This hurried
ocupation of the c5-square allows Black prove the positive sides of his plan.}
({White could have prevented the enemy rooks from getting connected by simply
concentrating his forces on the queen side with, for instance,} 22. Rfc1 Nd6
23. Ne1 {[%csl Yc5][%cal Ye1d3]}) 22... Nd6 $6 {This careless answer allows
White win time for his plan.} ({Better would have been} 22... Nxc5 23. Qxc5 Nd6
{when the exposed position of the white queen would have allowed Black win
some time for his counterplay, for instance} 24. Ne5 Rec7 25. Rfc1 Ne4 26. Qa5
c5 $5 27. f3 cxd4 $1 28. Rxc7 Rxc7 29. Nc6 (29. fxe4 $2 Rc1+ $1 $19) 29... Qd6
30. Nxd4 Qc5 $5 {and White's advantage is more of symbolic nature.}) 23. Nxd7
Rxd7 24. Ne5 Rdc7 25. Rfc1 Qf6 {Black needs to recure to tactics in order to
avoid the immediate loss of the c-pawn.} ({Of course, defending the endgame
arising after} 25... c5 26. dxc5 Rxc5 (26... Ne4 27. Nd3 $16) 27. Qxc5 Rxc5 28.
Rxc5 $14 {would by no means be hopeless, but there would be also very little
fun about it. However, knowing the further course of the game it is easy to
indicate this variation as a better chance for survival.}) 26. Rb6 c5 27. Qb2
$1 {This calm move offers White a perfect coordination of forces.} Qd8 (27...
cxd4 {would have allowed White obtain a clear advantage with:} 28. Rxc7 Rxc7
29. Ng4 $5 ({Since the main line fails to win b force, the more restrained} 29.
Qxd4 $16 {deserves some consideration as well.}) 29... Qd8 30. Rb8 Rc1+ {
(The importance of this intermediate check will become clear later)} 31. Kh2
Rc8 32. Rxc8 Qxc8 33. Qxd4 Qe6 34. Nf6+ Kg7 35. Nxd5+ f6 $16 {Such an ending
is very difficult to defend in practice. In his endgame book, Fine considers
the pure knight ending as winning; the presence of queens does not make
Black's position easier at all. However, we should mention that with the king
on g1, White could have won immediately with} 36. Nc7 {followed by 37.Qxd6
Qxd6 38.Ne8+, which is impossible now because Black would capture on d6 with
check.}) 28. dxc5 Nc4 $8 (28... Rxc5 29. Rxc5 Rxc5 30. Ng4 $40 {looks
disastruous for Black.}) 29. Rxc4 $1 {White correctly decides to reserve his
important attacking piece, the knight.} ({In case of} 29. Nxc4 Rxc5 30. Rd1
Rxc4 31. Rb5 R4c5 32. e4 {he would win a pawn, but after} Rxb5 33. Qxb5 d4 $14
{the most probable outcome of the game would be a drawn rook ending.}) 29...
dxc4 30. Ng4 $40 {White has a very powerfull attack, overweighting Black's
minimal material advantage.} Rc6 31. Nh6+ Kf8 32. Qh8+ Ke7 33. Qe5+ Kf8 34.
Qh8+ Ke7 35. Qg7 Qd1+ 36. Kh2 Rxb6 37. Qxf7+ Kd8 38. cxb6 Qd6+ 39. f4 Qxb6 40.
Qd5+ Ke7 41. Ng8+ Kf8 42. Nh6 Rc7 43. Qg8+ Ke7 44. Qxh7+ Kd8 45. Qg8+ Kd7 46.
Ng4 Kc6 47. Qxc4+ Kb7 48. Qe4+ Ka7 49. Ne5 Rc3 50. Qd4 Rb3 51. Nxg6 Rxe3 52.
Qxb6+ Kxb6 53. h4 1-0

[Event "GER-ch 77th"]
[Site "Osterburg"]
[Date "2006.02.04"]
[Round "2"]
[White "Graf, Alexander"]
[Black "Tischbierek, Raj"]
[Result "0-1"]
[WhiteElo "2604"]
[BlackElo "2466"]
[Annotator "Marin,M"]
[PlyCount "144"]
[EventDate "2006.02.03"]
[EventType "swiss"]
[EventRounds "9"]
[EventCountry "GER"]
[SourceTitle "CBM 112"]
[Source "ChessBase"]
[SourceDate "2006.06.07"]
[SourceVersion "1"]
[SourceVersionDate "2006.06.07"]
[SourceQuality "1"]

1. d4 d5 2. c4 c6 3. Nf3 Nf6 4. Nc3 e6 5. Bg5 Nbd7 6. cxd5 exd5 7. e3 Be7 8.
Bd3 O-O 9. Qc2 Re8 10. O-O Nf8 11. a3 $5 {A rare move.} ({If White intends to
start an early minority's attack, he usually plays} 11. Rab1) 11... Bd6 {
Black deviates from the natural course of the game.} ({It is hard to say what
White had in mind in case of} 11... a5 {for instance} 12. Rae1 ({Possibly best
is} 12. Rab1 {which after} Bd6 {would transpose to Nakamura-Iordachescu and
Ivanchuk-Bruzon which I annotated for CBM 107.}) 12... Ne4 13. Bxe7 Qxe7 14.
Bxe4 dxe4 15. Nd2 b6 $1 {and the insertion of the moves a3 and ...a5 clearly
favours Black, since White does not dispose over Qa4 to prevent ...Ba6.} (15...
f5 $6 {1/2-1/2 Hulak,K (2540)-Cvitan,O (2575)/Zagreb 1993/CBM 035} 16. f3 exf3
17. Nxf3 Be6 18. e4 $14 {. Compared to the normal lines of the Rae1 variations,
the white a-pawn is less vulnerable while the b6-square is slightly weak.}))
12. Rae1 {Now that Black has defined his intentions, White switches to central
play.} ({Graf had had some unpleasant experience as Black against} 12. h3 Ng6
13. Rae1 Be6 14. Ne5 Nxe5 15. dxe5 Bxe5 16. Bxh7+ Kh8 17. f4 Bd6 18. Bd3 Be7
19. Qf2 Nh7 20. Bxe7 Qxe7 21. e4 dxe4 22. Rxe4 Qd8 23. Rd4 Qe7 24. Bxh7 Kxh7
25. f5 $36 {1/2-1/2 Buturin,V-Graf,A (2405)/Tbilisi 1985/EXT 99 (51)}) (12.
Rfe1 Bg4 13. Nd2 Bd7 (13... Bh5 $5 {[%cal Yh5g6]}) 14. f4 Be7 15. Nf3 Rc8 16.
h3 c5 $132 {0-1 Dragomarezkij,E (2385)-Gavrilov,A (2370)/Moscow 1990/TD (33)})
(12. b4 a6 13. Na4 Ng6 14. Nc5 h6 15. Bxf6 Qxf6 16. Rfc1 Re7 17. a4 Bg4 {
1/2-1/2 Hall,J (2498)-Stohl,I (2578)/Germany 2001/EXT 2002}) 12... Bg4 ({
In spite of wearing the seal of the 10th World Champion,} 12... Be7 $6 {
cannot be good, since it simply gives up two whole tempi.} 13. Ne5 N6d7 14.
Bxe7 Rxe7 15. f4 Nb6 {1/2-1/2 Jussupow,A (2590)-Spassky,B (2580)/Reykjavik
1985/MCD} 16. f5 $1 f6 17. Nf3 Qe8 18. e4 $1 dxe4 19. Bxe4 Bd7 20. d5 $16 {
Jussupow, Stecko}) 13. Ne5 $5 {This is the only effective way to neutralise
Black's slight king side initiative and to take advantage of the massive
concentration of White's own pieces on this side of the board.} (13. Nh4 h6 14.
Bxf6 Qxf6 15. Nf5 Rad8 16. Nxd6 Rxd6 17. h3 Bc8 18. Ne2 Qg5 $132 {0-1 Duchamp,
M-Przepiorka,D/Hamburg 1930/EXT 2003}) (13. Nd2 Bh5 (13... h6 14. Bh4 Bd7 15.
f4 Be7 16. h3 Nh5 17. Bf2 Bh4 18. Bxh4 Qxh4 19. Nf3 Qe7 20. Kh2 Rad8 21. g4 Nf6
22. Ne5 $14 {1-0 Dizdar,G (2495)-Pavlovic,R (2320)/Pula 1992/EXT 2002 (34)}) (
13... Bd7 14. h3 Be7 (14... Ng6 15. f4 h6 16. Bxg6 $1 fxg6 17. Qxg6 hxg5 18.
fxg5 $14) 15. Bf4 Be6 (15... Rc8 $14 {Bareev}) 16. Bg3 Bd6 (16... Rc8 $14 {
Bareev}) 17. f4 c5 18. Bh4 cxd4 $6 19. exd4 {[%cal Ye1e7]} Be7 20. f5 Bd7 21.
Rxe7 $1 $18 {[%cal Gh4d8,Yc3d5] 1-0 Bareev,E (2365)-Smagin,S (2500)/Kiev 1986/
URS-ch (30)}) 14. f4 h6 15. Bh4 Ng6 16. Bxg6 (16. Bg3 $5 Ng4 17. Nd1 $14 {
Chernin}) 16... fxg6 17. Nf3 Bxf3 18. gxf3 Kf7 19. Kh1 Qd7 20. Qg2 {1/2-1/2
Chernin,A (2495)-Morovic Fernandez,I (2450)/Tunis 1985/IZT/[ChessBase]}) 13...
Bxe5 14. dxe5 Rxe5 15. f4 Rxg5 {Obviously forced.} (15... Re8 $2 16. f5 {
[%csl Gg4][%cal Yh2h3,Yg2g4]}) 16. fxg5 N6d7 17. Bf5 $1 $146 {A strong novelty,
refraining from weakening the own king side, even if this will cost White a
second pawn for the exchange.} (17. h4 Ne5 18. Bf5 Qd6 19. Qf2 Bxf5 20. Qxf5
Re8 21. Kh1 (21. h5 $5 $13) 21... h5 $5 {[%csl Gg4]} 22. gxh6 $6 {1/2-1/2
Psakhis,L (2540)-Pigusov,E (2490)/Kharkov 1985/MCL} Qxh6 $15 {[%csl Gg4,Yh1,
Rh4]}) 17... Qxg5 18. Bxg4 Qxg4 19. Qf2 $36 {White's better development
prevents Black from consolidating his position.} Ne5 (19... Nf6 20. e4 $1 {
[%cal Yf2f7]}) 20. e4 $1 {Aiming to get rid of the weak e-pawn and open the
e-file for his e1-rook.} d4 $5 {Black returns one pawn in order to maintain
the position half-closed and ensure stability of his knight on e5.} (20... dxe4
$2 21. Rxe4 Qe6 22. Rxe5 $1 $18 {[%csl Yf7]}) (20... Qg6 {[%cal Ye5d3]} 21. Qd4
Re8 22. Re3 $14 {[%cal Ye3g3,Ye4d5]} (22. exd5 $4 Nf3+)) 21. Qxd4 f6 22. Rd1 b6
23. Qf2 Qe6 24. Ne2 Qc4 25. Nd4 c5 26. Nf5 $14 {White has considerably
activated his play and Black still has to prove thathe has entirely adequate
compensation.} Nfg6 27. h4 $6 {[%csl Gg4] Unnecessarily weakening the own king
side.} ({being an exchange up, White should have opened the position with} 27.
b4 $5 cxb4 (27... Qxe4 28. bxc5 $16) 28. Rd4 $14) 27... h5 $13 28. Nxg7 $2 Ng4
29. Qf5 Kxg7 30. Qxh5 Qe6 31. Qd5 Qxd5 32. Rxd5 N6e5 $19 33. Rc1 Re8 34. Rc3
Kg6 35. g3 Re7 36. Kg2 Kf7 37. b4 c4 38. a4 Ke6 39. Kf1 Nd3 40. Rb5 Kf7 41. a5
Rxe4 42. axb6 axb6 43. Kg2 Re2+ 44. Kf3 Re3+ 45. Kxg4 Nf2+ 46. Kf4 Rxc3 47.
Rxb6 Rb3 48. b5 c3 49. Rc6 Nd3+ 50. Ke4 Ne1 51. h5 c2 52. Rc7+ Ke6 53. h6 Rxb5
54. Ke3 Rb7 55. Rc8 Kf5 56. Kd2 Nf3+ 57. Kxc2 Rh7 58. Rc4 Ne5 59. Rf4+ Kg5 60.
Kd2 Rxh6 61. Ke2 Rh3 62. Kf1 Rxg3 63. Ra4 Rb3 64. Kf2 f5 65. Kf1 Rb2 66. Rd4
Ng4 67. Ra4 f4 68. Ra3 Ne3+ 69. Kg1 Kg4 70. Kh1 Kg3 71. Ra1 Rh2+ 72. Kg1 f3 0-1

[Event "FRA-chT Top 16 GpB"]
[Site "Vandoeuvre"]
[Date "2005.02.04"]
[Round "1"]
[White "Kazhgaleyev, Murtas"]
[Black "Eliet, Nicolas"]
[Result "1/2-1/2"]
[WhiteElo "2613"]
[BlackElo "2430"]
[Annotator "Marin,M"]
[PlyCount "76"]
[EventDate "2005.02.04"]
[EventType "team"]
[EventRounds "7"]
[EventCountry "FRA"]
[SourceTitle "CBM 106"]
[Source "ChessBase"]
[SourceDate "2005.06.06"]
[SourceVersion "1"]
[SourceVersionDate "2005.06.06"]
[SourceQuality "1"]

1. d4 d5 2. c4 c6 3. Nc3 Nf6 4. Nf3 e6 5. Bg5 Nbd7 6. cxd5 exd5 7. e3 Be7 8.
Bd3 O-O 9. Qc2 Re8 10. O-O Nf8 11. h3 Be6 12. Ne5 {This knight jump, which
fees the way of the f-pawn, is usually connected with the idea of a king side
attack.} N6d7 {The typical reaction; Black intends to drive away the knight
with f6..} 13. Bxe7 Rxe7 {Although in practice the capture with the queen is
only a bit more popular than the move played in the game, I believe that in
fact it is much stronger. Black connects the rooks and prepares for the
counterplay based on c5 at the same time.} (13... Qxe7 {[%cal Ya8e8,Ye8a8,
Rc6c5]} 14. f4 f6 15. Nf3 Bf7 16. Rae1 c5 $132 {1/2-1/2 Gurevich,M-Akopian,V/
Barcelona 1992/CBM 030/[Dautov] (46)}) 14. f4 f6 15. Nf3 Nb6 16. f5 $146 {
Technically speaking, this is a novelty, but in fact the move is usually
played at a later stage of the game anyway.} (16. Rae1 Nc8 (16... Qc7 17. Re2 (
17. f5 Bd7 18. Qf2 c5 19. g4 $14) 17... Bd7 18. Rfe1 c5 19. e4 $1 cxd4 20. Nxd5
Nxd5 21. exd5 Qxc2 22. Bxc2 Rxe2 23. Rxe2 Rc8 24. Nxd4 Rc4 25. Rd2 Ng6 26. f5
Ne5 27. d6 Kh8 28. Bb3 $16 {1/2-1/2 Sokolov,I-Timman,J/Amsterdam 2001/CBM 083
ext (64)}) 17. g4 Nd6 18. Qg2 Kh8 19. f5 Bf7 20. Kh1 Qc7 21. Rg1 g5 22. h4 h6
23. Qh2 Ne8 24. Rg3 Nh7 25. Kg2 $16 {1-0 Kramnik,V-Renet,O/Clichy 1995/EXT 98 
(42)}) 16... Bf7 17. Qf2 {White concentrates his pieces on the king side, in
order to start the attack. Black needs major regrouping in order to meet this
simple plan.} Nc8 {[%csl Rc4,Re4][%cal Yc8d6]} 18. g4 Nd6 19. Kh1 Qd7 {[%cal
Ya8e8] Black continues developing. The immediate knight jump to any of the
controled squares does not yield Black full equality yet:} (19... Ne4 20. Bxe4
dxe4 21. Nd2 Bd5 22. Qf4 $14 {[%csl Re4][%cal Yf1f2,Ya1g1,Yh3h4,Yg4g5]}) (19...
Nc4 20. g5 $5 $14 Nxe3 $2 21. gxf6 $16 gxf6 $2 22. Rg1+ Kh8 23. Qg3 $18) 20.
Rg1 Kh8 $6 {This seems to be excessively careful.} ({Black should have
probably tried} 20... Rae8 {not fearing the complications generated by} 21. g5
$5 (21. Rae1 Kh8 {is an improved version of the game continuation.}) 21... Rxe3
(21... fxg5 22. Ne5 Qd8 {[%cal Rd8g5]} 23. Qg3 h6 24. h4 $40 {[%csl Re5][%cal
Ya1f1,Yf5f6,Yh4g5,Rf1f5,Rg3g5]}) 22. gxf6 (22. Ne5 $2 Rxh3+ 23. Kg2 fxe5 24.
Kxh3 e4 $17) 22... Rxd3 23. Rxg7+ Kh8 24. Ng5 (24. Qg2 Nxf5 25. Ng5 Bg6 $1 26.
Rxd7 Nxd7 $44) 24... h6 $8 {(><g5)} 25. Nxf7+ Nxf7 26. Qg2 Ng5 $8 27. Rxd7 Nxd7
$44 {[%csl Yh1]}) 21. g5 $6 {But this looks like premature activity.} ({
White had all the time of the world to prepare his attack with} 21. Nd2 Rae8
22. Rg3 {[%cal Ya1g1,Yg4g5,Yc3e2,Ye2f4]}) 21... Nxf5 22. gxf6 gxf6 23. Nh2 $44
{White has reasonable compensation for the pawn, in view of the weakness of
the dark squares, but not more than that.} Bg6 24. Ng4 Ng7 25. Be2 Qe6 26. Rae1
Nd7 27. Bf3 f5 28. Nh2 Rae8 29. Bg2 Nh5 30. Bf3 Nhf6 31. Qh4 Qf7 32. Qh6 Nf8
33. Rg2 Qg7 34. Qf4 Ne6 35. Qh4 Nf8 36. Nf1 Ng8 37. Ne2 Qf6 38. Qg3 Ne6 1/2-1/2